00446nam a2200121Ia 45000010005000000080041000050820024000461000065000702450093001352600054002289010027002829990015003091980241024s9999 xx 000 0 und d aRD/372/R426p/2007/1 aRepública Dominicana/Secretaría de Estado de Educación 0aPiloto de jornada única del docente en primero y segundo grado de Educación Básica bDirección General de Educación Básicac2007 a6/10/2011 9:34:39 a.m. c8577d8577